|
|
|
|
| LEADER |
00000nam0a2200000 4500 |
| 001 |
161197 |
| 005 |
20231101222234.0 |
| 010 |
|
|
|a 9785222137284
|b (в пер.)
|b 3000 экз.
|
| 021 |
|
|
|a RU
|b 08-74736
|9 08-4299
|
| 035 |
|
|
|a (RuTPU)RU\TPU\book\174809
|
| 090 |
|
|
|a 161197
|
| 100 |
|
|
|a 20090604d2008 m y0rusy5002 ca
|
| 101 |
0 |
|
|a rus
|
| 102 |
|
|
|a RU
|
| 105 |
|
|
|a a j 001zy
|
| 200 |
1 |
|
|a Планирование и анализ производственной деятельности предприятия
|e учебное пособие для вузов
|f Н. И. Курганская, Н. В. Волкова, О. В. Вишневская
|
| 210 |
|
|
|a Ростов-на-Дону
|c Феникс
|d 2008
|
| 215 |
|
|
|a 311 с.
|c ил.
|
| 225 |
1 |
|
|a Высшее образование
|
| 300 |
|
|
|a Над вып. дан. 2-й авт.: Волкова Наталья Викторовна.
|
| 320 |
|
|
|a Библиогр.: с. 306-307.
|
| 330 |
|
|
|a В предлагаемом учебном пособии рассмотрены методы планирования, прогнозирования объектов предприятия; содержание разделов плана социально-экономического развития предприятия; методы анализа результатов производственно-хозяйственной деятельности предприятия. Предназначено для студентов специальностей 080502, 080507.
|
| 606 |
1 |
|
|a Предприятия
|x Планирование
|2 stltpush
|3 (RuTPU)RU\TPU\subj\36683
|9 57976
|
| 610 |
1 |
|
|a экономический анализ
|
| 610 |
1 |
|
|a производственная деятельность
|
| 610 |
1 |
|
|a рыночная экономика
|
| 610 |
1 |
|
|a социально-экономическое развитие
|
| 610 |
1 |
|
|a экономические результаты
|
| 610 |
1 |
|
|a прогнозирование
|
| 610 |
1 |
|
|a фондоемкость
|
| 610 |
1 |
|
|a трудоемкость
|
| 610 |
1 |
|
|a новые изделия
|
| 610 |
1 |
|
|a себестоимость
|
| 610 |
1 |
|
|a материалоемкость
|
| 610 |
1 |
|
|a стратегическое планирование
|
| 610 |
1 |
|
|a стратегии
|
| 610 |
1 |
|
|a стабилизация
|
| 610 |
1 |
|
|a маржинальный анализ
|
| 610 |
1 |
|
|a плановые показатели
|
| 610 |
1 |
|
|a производство
|
| 610 |
1 |
|
|a реализация
|
| 610 |
1 |
|
|a качество
|
| 610 |
1 |
|
|a продукция
|
| 610 |
1 |
|
|a техническое развитие
|
| 610 |
1 |
|
|a труд
|
| 610 |
1 |
|
|a кадры
|
| 610 |
1 |
|
|a прибыль
|
| 610 |
1 |
|
|a рентабельность
|
| 610 |
1 |
|
|a материально-техническое обеспечение
|
| 610 |
1 |
|
|a финансовое планирование
|
| 610 |
1 |
|
|a финансовый анализ
|
| 610 |
1 |
|
|a тактическое планирование
|
| 610 |
1 |
|
|a убытки
|
| 610 |
1 |
|
|a НДС
|
| 610 |
1 |
|
|a акцизы
|
| 610 |
1 |
|
|a внереализационные операции
|
| 610 |
1 |
|
|a учебные пособия
|
| 686 |
|
|
|a У9(2)29-23я73
|2 rubbk
|
| 700 |
|
1 |
|a Курганская
|b Н. И.
|g Нина Ивановна
|4 070
|
| 701 |
|
1 |
|a Волкова
|b Н. В.
|g Наталия Викторовна
|4 070
|
| 701 |
|
1 |
|a Вишневская
|b О. В.
|g Ольга Владимировна
|4 070
|
| 801 |
|
0 |
|a RU
|b 63413507
|c 20081119
|g PSBO
|
| 801 |
|
1 |
|a RU
|b 63413507
|c 20090604
|g PSBO
|
| 801 |
|
2 |
|a RU
|b 63413507
|c 20150601
|g PSBO
|
| 830 |
|
|
|a <b><br /> <b>Курганская Н. И.</b> Планирование и анализ производственной деятельности предприятия : учеб. пособие / Н. И. Курганская, Н. В. Волкова, О. В. Вишневская. - Ростов н/Д : Феникс, 2008. - 311 с.; 21 см. - (Высшее образование). - Над вып. дан. 2-й авт.: Волкова Наталья Викторовна. - Библиогр.: с. 306-307. - 3000 экз. - ISBN 978-5-222-13728-4 (в пер.). - [08-74736]<br /> - - 1. Промышленные предприятия - Планирование. </p><p style='text-align:right'>УДК 658(075.8) <br />ББК 65.29я73 </p>
|
| 900 |
|
|
|a Планирование на предприятии
|
| 942 |
|
|
|c BK
|